| 000 | 01190nam a2200301 i 4500 | ||
|---|---|---|---|
| 003 | EG-ScBUE | ||
| 005 | 20240102122903.0 | ||
| 008 | 170907s1996 ua a f 000 0 ara d | ||
| 040 |
_aEG-ScBUE _bara _erda _cEG-ScBUE _dEG-ScBUE |
||
| 043 | _af-ua--- | ||
| 082 | 0 | 4 |
_a962.03 _bإ س ك _222 |
| 100 | 1 |
_aإسكندري، عمر، _eمؤلف. |
|
| 245 | 1 | 0 |
_aتاريخ مصر إلى الفتح العثماني : _bمع نبذ في أخبار الأمم التي ارتبطت بمصر إلى ذلك / _cتأليف عمر الإسكندري، أ. ج. سفدج. |
| 250 | _aالطبعة الثانية. | ||
| 264 | 1 |
_aالقاهرة : _bمكتبة مدبولي، _c1996. |
|
| 300 |
_a271 صفحة، أ - ي : _bإيضاحيات ؛ _c24 سم. |
||
| 336 |
_2rdacontent _aنص _btxt |
||
| 337 |
_aبدون وسيط _2rdamedia _bn |
||
| 338 |
_aمجلد _bnc _2rdacarrier |
||
| 490 | 0 |
_aصفحات من تاريخ مصر ؛ _v2 |
|
| 650 | _2BUEsh | ||
| 651 | 7 |
_aمصر _xتاريخ. _2BUEsh |
|
| 651 | 7 |
_aمصر _xتاريخ _zالحكم العثماني، 1517-1882. _2BUEsh |
|
| 653 |
_bGGEN _cSeptember2017 |
||
| 655 | _vReading book | ||
| 700 | 1 |
_aسفدج، أ. ج، _eمؤلف. |
|
| 942 | _2ddc | ||
| 999 |
_c25446 _d25418 |
||